000 00584nam a2200193 i 4500
001 125614
003 ES-MaACL
005 20230906192651.0
008 070620s1944 sp |||| | spa d
100 1 _aZilahy, Lajos.
_9118252
245 1 4 _aLas armas miran atrás /
_cLajos Zilahy ; [traducción por Fernando Trías Beristain].
260 _a[Barcelona] :
_bLauro,
_c1944 (
_fTip. Catalana)
300 _a359 p. ;
_c20 cm.
490 1 _aLeda
700 1 _aTrias Beristain, Fernando.
_9111371
830 0 _aLeda
_9186652
852 _aES-MaACL
_jE-2198
999 _c125614
_d125614